Normal view
MARC view
Entry Topical Term
001 - CONTROL NUMBER
- control field: 52064
003 - CONTROL NUMBER IDENTIFIER
- control field: ARRUPE
005 - DATE AND TIME OF LATEST TRANSACTION
- control field: 20221129093947.0
008 - FIXED-LENGTH DATA ELEMENTS
- fixed length control field: 221129|| aca||aabn | a|a d
040 ## - CATALOGING SOURCE
- Original cataloging agency: ARRUPE
- Transcribing agency: ARRUPE
150 ## - HEADING--TOPICAL TERM
- Topical term or geographic name as entry element: Science
- General subdivision: Technological innovations
670 ## - SOURCE DATA FOUND
- Source citation: Work cat.: (ARRUPE)131592: Kleeman, Jenny, author. 52063, Sex, robots & vegan meat :